书目信息 |
| 题名: |
多语教育中外语引教导学论
|
|
| 作者: | 沈群英 著 | |
| 分册: | ||
| 出版信息: | 北京 中国书籍出版社 2018.10 |
|
| 页数: | 304页 | |
| 开本: | 24cm | |
| 丛书名: | 高校学术文库 | |
| 单 册: | ||
| 中图分类: | H319.3 | |
| 科图分类: | ||
| 主题词: | 英语--ying yu--教学研究 | |
| 电子资源: | ||
| ISBN: | 978-7-5068-6915-7 | |
| 000 | 01213nam 2200265 450 | |
| 001 | 202019134242 | |
| 005 | 20191002113834.0 | |
| 010 | @a978-7-5068-6915-7@dCNY76.00 | |
| 100 | @a20190928d2018 em y0chiy50 ea | |
| 101 | 0 | @achi@aeng |
| 102 | @aCN@b110000 | |
| 105 | @aak a 000yy | |
| 106 | @ar | |
| 200 | 1 | @a多语教育中外语引教导学论@Aduo yu jiao yu zhong wai yu yin jiao dao xue lun@f沈群英著 |
| 210 | @a北京@c中国书籍出版社@d2018.10 | |
| 215 | @a304页@c图@d24cm | |
| 225 | 2 | @a高校学术文库@Agao xiao xue shu wen ku@i人文社科研究论著丛刊 |
| 320 | @a有书目 (第287-304页) | |
| 330 | @a本书是关于英语作为一门外语的教学理论、方法论及其应用实践。其中教法和学法并重, 突出综合性、实用性, 涉及整个英语教、学过程中的相关理论与实践 —— 英语教育教学的相关概念、国家英语课程标准、学习理论、学习风格和策略、教学理论、交际语言教学和任务型教学思想等教与学方法、教学实践 (即备课、教学计划、教案、课堂管理、教学技能、语言知识教学、语言技能教学、教学评价)、教育资源和技术开发利用等。 | |
| 410 | 0 | @12001 @a高校学术文库@i人文社科研究论著丛刊 |
| 606 | 0 | @a英语@Aying yu@x教学研究 |
| 690 | @aH319.3@v5 | |
| 701 | 0 | @a沈群英@Ashen qun ying@4著 |
| 801 | 0 | @aCN@c20190905 |
| 905 | @a河南城建学院图书馆@dH319.3@eS408 | |
| 多语教育中外语引教导学论/沈群英著.-北京:中国书籍出版社,2018.10 |
| 304页:图;24cm.-(高校学术文库.人文社科研究论著丛刊) |
| ISBN 978-7-5068-6915-7:CNY76.00 |
| 本书是关于英语作为一门外语的教学理论、方法论及其应用实践。其中教法和学法并重, 突出综合性、实用性, 涉及整个英语教、学过程中的相关理论与实践 —— 英语教育教学的相关概念、国家英语课程标准、学习理论、学习风格和策略、教学理论、交际语言教学和任务型教学思想等教与学方法、教学实践 (即备课、教学计划、教案、课堂管理、教学技能、语言知识教学、语言技能教学、教学评价)、教育资源和技术开发利用等。 |
| ● |
| 相关链接 |
|
|
|
正题名:多语教育中外语引教导学论
索取号:H319.3/S408
 
预约/预借
| 序号 | 登录号 | 条形码 | 馆藏地/架位号 | 状态 | 备注 |
| 1 | 1442093 | 214420937 | 语言库209/209语言库 42排5列2层/ [索取号:H319.3/S408] | 在馆 | |
| 2 | 1442094 | 214420946 | 语言库209/209语言库 42排5列2层/ [索取号:H319.3/S408] | 在馆 |